Tiempo y dinero / (Record no. 145503)

MARC details
000 -LEADER
campo de control de longitud fija 00629nam a2200217 4500
001 - NÚMERO DE CONTROL
campo de control 145503
003 - IDENTIFICADOR DE NÚMERO DE CONTROL
campo de control ES-MaACL
005 - FECHA Y HORA DE LA ÚLTIMA TRANSACCIÓN
campo de control 20230906201239.0
007 - CAMPO FIJO DE DESCRIPCIÓN FÍSICA--INFORMACIÓN GENERAL
campo de control de longitud fija t|
008 - DATOS DE LONGITUD FIJA--INFORMACIÓN GENERAL
campo de control de longitud fija 070214s1959 sp r ||||1| spa d
100 1# - ENTRADA PRINCIPAL--NOMBRE DE PERSONA
Nombre de persona Stevens, Austin.
9 (RLIN) 108153
245 10 - MENCIÓN DEL TÍTULO
Título Tiempo y dinero /
Mención de responsabilidad, etc. Austin Stevens ; traducción de Ximénez de Sandoval.
260 ## - PUBLICACIÓN, DISTRIBUCIÓN, ETC.
Lugar de publicación, distribución, etc. Madrid :
Nombre del editor, distribuidor, etc. Cid,
Fecha de publicación, distribución, etc. [1959] (
Fabricante Alhambra)
300 ## - DESCRIPCIÓN FÍSICA
Extensión 389 p. ;
Dimensiones 19 cm.
490 1# - MENCIÓN DE SERIE
Mención de serie Altor ;
Designación de volumen o secuencia 23
500 ## - NOTA GENERAL
Nota general Traducción de: Time and money.
740 0# - ENTRADA AGREGADA--TÍTULO RELACIONADO/ANALÍTICO NO CONTROLADO
Título relacionado o analítico no controlado Time and money.
830 0# - PUNTO DE ACCESO ADICIONAL DE SERIE-TÍTULO UNIFORME
Título uniforme Altor ;
Designación de volumen o secuencia 23
9 (RLIN) 181236
852 ## - LOCALIZACIÓN
Ubicación ES-MaACL
Número de control de estantería C-18023
Sublocalización o colección R.45796
Holdings
Estatus retirado Estado de pérdida Estado de daño No para préstamo Biblioteca de origen Biblioteca actual Ubicación en estantería Fecha de adquisición Fuente de adquisición Total de préstamos Signatura topográfica completa Código de barras Visto por última vez Precio de reemplazo Tipo de ítem Koha
        Biblioteca del Ateneo de Madrid Biblioteca del Ateneo de Madrid Galería 17/01/2008     C-18023 1151879 23/02/2023 23/02/2023 Libro impreso